| 000 | 00518nam a2200205 a 4500 | ||
|---|---|---|---|
| 005 | 20210219153458.0 | ||
| 008 | 991125n 000 0 spa u | ||
| 035 | _aUPN01000102000 | ||
| 100 | _aLUNDAHL, Barbro | ||
| 222 | _aEL CORREO DE LA UNESCO | ||
| 245 | _aTemo que se rían de mí | ||
| 300 | _a17 | ||
| 362 | _a1981 Vol. 34, no. 1, ene. | ||
| 653 | 0 | _aBARRERAS SOCIALES | |
| 653 | 0 | _aDISCAPACITADOS | |
| 653 | 0 | _aMINUSVALIDOS | |
| 653 | 0 | _aRETRASO MENTAL | |
| 904 |
_aAC _b039811 |
||
| 905 | _aArticulo | ||
| 999 |
_c77956 _d77956 |
||